[Event "GER-ch Net blitz qual2"]
[Site "Playchess.com INT"]
[Date "2021.05.04"]
[Round "6"]
[White "Eilers, Stefan"]
[Black "Pikal, Alexander"]
[Result "1-0"]
[WhiteElo "2255"]
[BlackElo "2076"]
[PlyCount "63"]
[EventDate "2021.05.04"]
[EventType "swiss (blitz)"]
[EventRounds "11"]
[EventCountry "GER"]
[SourceTitle "CBM 202 Extra"]
[Source "ChessBase"]
[SourceDate "2021.07.31"]
[SourceVersion "1"]
[SourceVersionDate "2021.07.31"]
[SourceQuality "1"]

1. d4 d5 2. Nc3 f5 3. e4 fxe4 4. f3 exf3 5. Nxf3 Nf6 6. Bd3 g6 7. 0-0 Bg7 8. Bf4 c6 9. Qe2 0-0 10. Rae1 Ne4 11. Be5 Nxc3 12. bxc3 Rf7 13. Ng5 Rxf1+ 14. Rxf1 Bf6 15. Nxh7 Nd7 16. Bxg6 Nxe5 17. dxe5 Bg7 18. Bf7+ Kh8 19. Qh5 Bg4 20. Qxg4 Qb6+ 21. Kh1 Qe3 22. Ng5 Bh6 23. Nf3 Rf8 24. e6 c5 25. Re1 Qxc3 26. Qh5 Qg7 27. Ne5 Rd8 28. Ng6+ Kh7 29. Nxe7 d4 30. Nf5 Qg5 31. Qxh6+ Qxh6 32. Nxh6 1-0

[Event "GER-ch Net blitz qual2"]
[Site "Playchess.com INT"]
[Date "2021.05.04"]
[Round "7"]
[White "Pikal, Alexander"]
[Black "Marcziter, Dmitrii"]
[Result "0-1"]
[WhiteElo "2076"]
[BlackElo "2138"]
[PlyCount "98"]
[EventDate "2021.05.04"]
[EventType "swiss (blitz)"]
[EventRounds "11"]
[EventCountry "GER"]
[SourceTitle "CBM 202 Extra"]
[Source "ChessBase"]
[SourceDate "2021.07.31"]
[SourceVersion "1"]
[SourceVersionDate "2021.07.31"]
[SourceQuality "1"]

1. Nf3 Nf6 2. e3 c5 3. b3 g6 4. Bb2 Bg7 5. c4 0-0 6. d3 b6 7. Nbd2 Bb7 8. g3 Nc6 9. Bg2 Nb4 10. Qb1 d5 11. a3 Nc6 12. 0-0 Rc8 13. cxd5 Nxd5 14. Nc4 f6 15. Rd1 e5 16. Qc2 b5 17. Ncd2 Nce7 18. Rac1 Qb6 19. a4 a6 20. axb5 axb5 21. Ra1 Rfd8 22. Ne1 Nb4 23. Qb1 Bxg2 24. Kxg2 Qb7+ 25. Kg1 Rd7 26. Bc3 Nbd5 27. Bb2 Nb4 28. Bc3 Ned5 29. Qb2 Rcd8 30. Ne4 Qb6 31. Bd2 f5 32. Nc3 Ne7 33. Qb1 Nxd3 34. Nxd3 Rxd3 35. Qc2 e4 36. Be1 b4 37. Na4 Qd6 38. Rxd3 exd3 39. Qc4+ Qd5 40. Qxd5+ Rxd5 41. Rd1 Nc6 42. Nb6 Rd8 43. Na4 Ne5 44. Nxc5 d2 45. Bxd2 Rxd2 46. Rc1 Ng4 47. Na6 Bc3 48. Nc5 Nxf2 49. Ne6 Ng4 0-1

[Event "GER-ch Net blitz qual2"]
[Site "Playchess.com INT"]
[Date "2021.05.04"]
[Round "4"]
[White "Pikal, Alexander"]
[Black "Svane, Frederik"]
[Result "0-1"]
[WhiteElo "2076"]
[BlackElo "2211"]
[PlyCount "110"]
[EventDate "2021.05.04"]
[EventType "swiss (blitz)"]
[EventRounds "11"]
[EventCountry "GER"]
[SourceTitle "CBM 202 Extra"]
[Source "ChessBase"]
[SourceDate "2021.07.31"]
[SourceVersion "1"]
[SourceVersionDate "2021.07.31"]
[SourceQuality "1"]

1. f4 d5 2. Nf3 g6 3. e3 Bg7 4. d4 Nf6 5. c3 Bf5 6. Nbd2 0-0 7. Be2 c5 8. 0-0 Nc6 9. Ne5 Nxe5 10. fxe5 Ne4 11. Nxe4 Bxe4 12. Bd3 Qb6 13. Bxe4 dxe4 14. Qg4 Qc6 15. Rf4 f5 16. exf6 exf6 17. Bd2 f5 18. Qe2 b5 19. Raf1 cxd4 20. exd4 Qc4 21. Qxc4+ bxc4 22. Bc1 Rab8 23. R4f2 h5 24. Bf4 Rb5 25. Bd6 Rd8 26. Bc5 Bh6 27. Re2 a6 28. h3 h4 29. Be7 Rdb8 30. Rd1 Kf7 31. Bxh4 Rxb2 32. Rxb2 Rxb2 33. d5 Ke8 34. d6 Kd7 35. Be7 Be3+ 36. Kh2 Bf4+ 37. Kh1 Rd2 38. Rb1 Bxd6 39. Bf6 Ke6 40. Bg5 Rxa2 41. Kg1 Bc5+ 42. Kh1 Ra3 43. Rc1 a5 44. h4 a4 45. Bh6 Rb3 46. Ra1 a3 47. Bg7 Rb2 48. Bh8 a2 49. Kh2 Bd6+ 50. Kh3 e3 51. g4 fxg4+ 52. Kxg4 e2 53. Bd4 Rb1 54. Rxa2 e1Q 55. Ra6 Qg3# 0-1

[Event "GER-ch Net blitz qual2"]
[Site "Playchess.com INT"]
[Date "2021.05.04"]
[Round "3"]
[White "Schneider, Ilja"]
[Black "Pikal, Alexander"]
[Result "0-1"]
[WhiteElo "2507"]
[BlackElo "2076"]
[PlyCount "82"]
[EventDate "2021.05.04"]
[EventType "swiss (blitz)"]
[EventRounds "11"]
[EventCountry "GER"]
[SourceTitle "CBM 202 Extra"]
[Source "ChessBase"]
[SourceDate "2021.07.31"]
[SourceVersion "1"]
[SourceVersionDate "2021.07.31"]
[SourceQuality "1"]

1. d4 d5 2. c4 c6 3. Nf3 Nf6 4. Nc3 e6 5. e3 Nbd7 6. Qc2 Bd6 7. e4 dxe4 8. Nxe4 Nxe4 9. Qxe4 Nf6 10. Qc2 h6 11. Bd3 Qc7 12. 0-0 0-0 13. b3 Rd8 14. Bb2 a5 15. Rfe1 c5 16. d5 exd5 17. Bxf6 gxf6 18. cxd5 Bg4 19. Qc4 Bxf3 20. gxf3 Bxh2+ 21. Kh1 Qf4 22. Re4 Qxf3+ 23. Kxh2 Qxf2+ 24. Kh3 Qf3+ 25. Kh4 Qf2+ 26. Kh3 Qf3+ 27. Kh2 Qf2+ 28. Kh1 Qf3+ 29. Kg1 Kh8 30. Be2 Rg8+ 31. Rg4 Rxg4+ 32. Qxg4 Qe3+ 33. Kh2 Qe5+ 34. Kh3 Rg8 35. Qf3 Qxa1 36. d6 Qd4 37. d7 Qxd7+ 38. Kh2 Qd6+ 39. Kh3 Re8 40. Bd3 Qe6+ 41. Bf5 Qe3 0-1

[Event "GER-ch Net blitz qual1"]
[Site "Playchess.com INT"]
[Date "2021.04.24"]
[Round "3"]
[White "Pikal, Alexander"]
[Black "Dittrich, Gunnar"]
[Result "1-0"]
[WhiteElo "2100"]
[BlackElo "1620"]
[PlyCount "69"]
[EventDate "2021.04.24"]
[EventType "swiss (blitz)"]
[EventRounds "11"]
[EventCountry "GER"]
[SourceTitle "CBM 202 Extra"]
[Source "ChessBase"]
[SourceDate "2021.07.31"]
[SourceVersion "1"]
[SourceVersionDate "2021.07.31"]
[SourceQuality "1"]

1. Nf3 d5 2. c4 e6 3. e3 Nf6 4. d4 c5 5. Nc3 Nc6 6. cxd5 exd5 7. dxc5 Bxc5 8. Bd3 Bg4 9. h3 Bh5 10. Be2 0-0 11. 0-0 a6 12. Bd2 b5 13. a3 Rc8 14. Rc1 Ba7 15. b4 Qd6 16. Qb3 Rfd8 17. Rfd1 Bb8 18. g3 Qe6 19. Kg2 Ne4 20. Be1 Ne5 21. Nd4 Qg6 22. Bxh5 Qxh5 23. Nxd5 Rxc1 24. Rxc1 Nc4 25. Ne7+ Kf8 26. Nec6 Rc8 27. Nxb8 Rxb8 28. Qd3 Qd5 29. f3 Ng5 30. e4 Qd8 31. h4 Ne6 32. Nxe6+ fxe6 33. Qe2 Qb6 34. Bf2 Qd6 35. Bc5 1-0

[Event "Mittelfranken-chTB2a 1415"]
[Site "Mittelfranken"]
[Date "2014.12.14"]
[Round "4.3"]
[White "Pikal, Alexander"]
[Black "Puehn, Georg"]
[Result "1-0"]
[WhiteElo "1921"]
[BlackElo "1876"]
[PlyCount "115"]
[EventDate "2014.09.28"]
[EventType "team-tourn"]
[EventRounds "9"]
[EventCountry "GER"]
[SourceTitle "EXT 2020"]
[Source "ChessBase"]
[SourceDate "2019.10.17"]
[SourceVersion "1"]
[SourceVersionDate "2019.10.17"]
[SourceQuality "1"]
[WhiteTeam "Bad Windsheim/Ansbach"]
[BlackTeam "Nuernberg NT V"]
[WhiteTeamCountry "GER"]
[BlackTeamCountry "GER"]

1. f4 g6 2. d4 Bg7 3. Nf3 Nf6 4. e3 0-0 5. Bd3 d5 6. 0-0 b6 7. Qe2 c5 8. c3 Bb7 9. Bd2 e6 10. Be1 Qc8 11. Ne5 Ba6 12. Nd2 Bxd3 13. Qxd3 Nfd7 14. Bh4 f6 15. Ng4 Nc6 16. Nf3 Qe8 17. Rfe1 Qf7 18. Rad1 Rad8 19. Qe2 Ne7 20. dxc5 h5 21. Nf2 Nxc5 22. e4 dxe4 23. Nxe4 Nxe4 24. Qxe4 Rxd1 25. Rxd1 Nd5 26. Bg3 Re8 27. c4 Nc7 28. Qc6 Re7 29. Rd8+ Kh7 30. f5 e5 31. Nh4 gxf5 32. Nxf5 Re6 33. Qd7 Qxd7 34. Rxd7 Ne8 35. Rxa7 Kg6 36. Ne7+ Kg5 37. Nd5 Bf8 38. Bf2 Bc5 39. Bxc5 bxc5 40. Kf1 Nd6 41. Ra6 f5 42. Rc6 Rh6 43. Rxc5 Ne4 44. Rc7 Ra6 45. a3 h4 46. Ke2 f4 47. Re7 Kf5 48. Nb4 Rg6 49. Nd3 Nd6 50. Rxe5+ Kf6 51. Re6+ Kxe6 52. Nxf4+ Kf6 53. Nxg6 Kxg6 54. c5 Nf5 55. Kf3 Kf6 56. Ke4 Ke6 57. b4 h3 58. gxh3 1-0

[Event "Forchheim op-B 13th"]
[Site "Forchheim"]
[Date "2014.10.03"]
[Round "2"]
[White "Tong, Kevin"]
[Black "Pikal, Alexander"]
[Result "0-1"]
[WhiteElo "1798"]
[BlackElo "1924"]
[PlyCount "66"]
[EventDate "2014.10.03"]
[EventType "swiss"]
[EventRounds "5"]
[EventCountry "GER"]
[SourceTitle "EXT 2019"]
[Source "ChessBase"]
[SourceDate "2018.10.10"]
[SourceVersion "1"]
[SourceVersionDate "2018.10.10"]
[SourceQuality "1"]

1. e4 d6 2. d4 g6 3. Nc3 Bg7 4. Be3 Nc6 5. Bc4 Nf6 6. f3 e6 7. Qd2 d5 8. exd5 exd5 9. Bb3 0-0 10. 0-0-0 Na5 11. g4 Nxb3+ 12. axb3 Re8 13. h4 c6 14. h5 a5 15. Nge2 b5 16. Ng3 a4 17. b4 Qd6 18. Bf4 Qxb4 19. hxg6 fxg6 20. Be5 a3 21. b3 a2 22. Kb2 Qa3+ 23. Ka1 Rxe5 24. dxe5 Nd7 25. f4 Nb6 26. g5 Bg4 27. Rdf1 Qb4 28. Rh4 Bf5 29. Nxf5 gxf5 30. Rfh1 c5 31. R1h2 d4 32. Nd1 Qa3 33. Nf2 Qb2+ 0-1